|
|
|
|
| LEADER |
00000nam0a2200000 4500 |
| 001 |
135659 |
| 005 |
20231031140159.0 |
| 020 |
|
|
|a RU
|b 82-67752
|
| 035 |
|
|
|a (RuTPU)RU\TPU\book\147017
|
| 090 |
|
|
|a 135659
|
| 100 |
|
|
|a 20080414d1982 m a0rusy5003 ca
|
| 101 |
0 |
|
|a rus
|
| 102 |
|
|
|a RU
|
| 105 |
|
|
|a y j 001zy
|
| 200 |
1 |
|
|a Диофантовы приближения и трансцендентные числа
|e учебное пособие
|f А. Б. Шидловский
|
| 210 |
|
|
|a Москва
|c Изд-во МГУ
|d 1982
|
| 215 |
|
|
|a 264 с.
|
| 610 |
1 |
|
|a приближение
|
| 610 |
1 |
|
|a диофантовы приближения
|
| 610 |
1 |
|
|a учебные пособия
|
| 610 |
1 |
|
|a трансцендентные числа
|
| 610 |
1 |
|
|a алгебраические числа
|
| 675 |
|
|
|a 511(075.8)
|v 3
|
| 700 |
|
1 |
|a Шидловский
|b А. Б.
|g Андрей Борисович
|
| 801 |
|
0 |
|a RU
|b RuMRKP
|c 19950704
|g psbo
|
| 801 |
|
1 |
|a RU
|b 63413507
|c 20080414
|g PSBO
|
| 801 |
|
2 |
|a RU
|b 63413507
|c 20191118
|g PSBO
|
| 942 |
|
|
|c BK
|